Responses for Show #4906 - Monday, January 2, 2006

Tom Kavanaugh game 3.

Contestants

[<< previous game]

Jamie Hodari, a law student originally from Bloomfield Hills, Michigan

Joan Tosh, a manager from Port Chester, New York

Tom Kavanaugh, a writer from St. Louis, Missouri (whose 2-day cash winnings total $46,801)

[next game >>]

Jeopardy! Round responses

OFFICIAL STATE FOOD & DRINK
HELLO, "OLLY"
NETWORKING
(Alex: We want you to name the network that airs the TV shows we'll give you.)
WHITNEY
HOUSTON
WE HAVE A PROBLEM
    $200 8
popcorn

Jamie
    $200 1
Hollywood

Tom
    $200 18
(Alex: We need the network.)

PBS

Jamie
    $200 26
Yale

Tom
    $200 6
(Lyndon) Johnson

Tom
    $200 12
180

Joan
    $1,000 9
cranberry juice

Jamie
    $400 2
the Jolly Roger

Tom
    $400 19
Comedy Central

Jamie
    $400 27
engine

Tom
    $400 7
oil

Jamie
    $400 13
25 percent

Joan
    $600 10
a peach

Tom
    $600 3
(Joan: What's a bolly?)

brolly

Joan
Triple Stumper
    $600 23
Cartoon Network

Jamie
    $600 28
(Jamie: Who is Remington?)

(Samuel) Colt

JoanJamie
    $600 20
the Houston Rockets & the Houston Astros (& the Houston Texans)

Jamie
    $600 14
(Tom: What is 10?)

9

TomJamie
    $800 11
a hazelnut

Joan
    $800 4
(Alex: I'll bet you had one when you were a kid.)

a molly

Triple Stumper
    $800 24
(Alex: You've been watching altogether too much television.)

The History Channel

Jamie
    $800 29
[The end-of-round signal sounds.]

the Inventors Hall of Fame

Joan
    $800 21
George H. W. Bush

Joan
    $800 15
120

Joan
    $1000 16
(Tom: What are green beans?)
(Jamie: What are collard greens?)

black-eyed peas

TomJoanJamie
    $1000 5
folly

Tom
    $1000 25
(Jamie: What is USA?)

Spike

TomJamie
    $1000 22
San Jacinto River

Triple Stumper
    $1000 17
(Jamie: What is... 40?)
...
(Alex: 20 ti--uh, divided by 2.5 times 4.)

32

Jamie
Triple Stumper

Scores at the first commercial break (after clue 15):

Tom Joan Jamie
$1,800 $1,600 $2,200

Scores at the end of the Jeopardy! Round:

Tom Joan Jamie
$2,400 $4,800 $1,200

Double Jeopardy! Round responses

SCIENCE
THE MUSICAL '80s
DENMARK'S THE SPOT
ACCENTS
HISTORIC NICKNAMES
13-LETTER WORDS
    $400 21
carbohydrates (or starches)

Jamie
    $400 2
Stevie Wonder

Tom
    $400 7
Tivoli

Tom
    $400 18
(Alex: Aye, that's right lassie.)

Scotland

Joan
    $400 12
Horatio Nelson

Tom
    $800 22
the Sahara

Jamie
    $800 3
"Call Me" (by Blondie)

Tom
    $800 8
the euro

Jamie
    $800 19
(Tom: What is a drawl?)

a Southern accent

Tom
Triple Stumper
    $800 13
(Alex: Yes, but they didn't do it to his face...)

Noriega

Tom
    $1200 23
Linnaeus

Jamie
    $1200 4
Janet Jackson

Triple Stumper
    $1200 9
May 1945

Joan
    $1200 20
India

Jamie
    $1200 14
bomber

Triple Stumper
    $1600 24
electrolysis

Triple Stumper
    $1600 5
"A Groovy Kind Of Love"

Triple Stumper
    $1600 10
Napoléon

Joan
    $1600 17
Brooklynese

Joan
    $1600 15
"The Birdman of Alcatraz"

Tom
    $2000 25
rhodium

Triple Stumper
    $2000 6
Vangelis

Tom
    $1,600 11
Jutland

Joan
    $2000 1
(Jamie: What is Nunavut?)
(Tom: Uh, what is Nova Scotia?)
...
(Alex: You're thinking of the new territory, Jamie.)

Newfoundland

TomJoanJamie
    $2000 16
"Longshanks"

Jamie
    $3,000 26
[The end-of-round signal sounds.]

commemorative

Jamie

Scores at the end of the Double Jeopardy! Round:

Tom Joan Jamie
$6,000 $13,200 $8,600

[wagering suggestions for these scores]

Final Jeopardy! Round responses

ANCIENT BIOGRAPHERS
(Alex: He wrote biographies of Greeks, paired them with biographies of Romans, called it Parallel Lives.)
TomWho is Plutarch
$5,999
JamieWho is Josephus
$601
JoanWho is Homer?
$6,000
Plutarch

Final scores:

Tom Joan Jamie
$11,999 $7,200 $7,999
3-day champion: $58,800 3rd place: $1,000 2nd place: $2,000

Game dynamics:

Coryat scores:

Tom Joan Jamie
$6,000 $13,600 $7,000
15 R,
4 W
14 R
(including 1 DD),
1 W
16 R
(including 2 DDs),
5 W

Combined Coryat: $26,600

[game clues] [game scores] [suggest correction]

Game tape date: 2005-10-25
The J! Archive is created by fans, for fans. Scraping, republication, monetization, and malicious use prohibited; this site may use cookies and collect identifying information. See terms. The Jeopardy! game show and all elements thereof, including but not limited to copyright and trademark thereto, are the property of Jeopardy Productions, Inc. and are protected under law. This website is not affiliated with, sponsored by, or operated by Jeopardy Productions, Inc. Join the discussion at JBoard.tv.